Carmen de patagones y su proceso de nacionalizacion /

Guardado en:
Autor Principal: Nozzi, J. Emma
Formato: Libro
Publicado: Bahia Blanca : Universidad Nacional Del Sur, 1958
Materias:
Etiquetas: Agregar Etiqueta
Sin Etiquetas, Sea el primero en etiquetar este registro!
LEADER 00589nam a22001695a 4500
001 EHU.bham015199
003 AR-BHAM
005 20100406201407.0
008 130507s1958##################000#0#####d
082 9 8 |a 982.7 
100 1 |a Nozzi, J. Emma 
245 1 0 |a Carmen de patagones y su proceso de nacionalizacion /  |c J. Emma Nozzi 
260 |a Bahia Blanca :  |b Universidad Nacional Del Sur,  |c 1958 
300 |a 16 p. 
653 |a Historia de argentina-patagonia 
859 |a AR-BHAM  |b BIB. HUMANIDADES - General  |h 982.7  |i N879  |p 717.59  |t Ej.1 
859 |a AR-BHAM  |b BIB. HUMANIDADES - General  |h 982.7  |i N879  |p 773.59  |t Ej.1